Nursing I.V.Drug Handbook / (رقم التسجيلة. 89987)
[ عرض عادي ]
| 000 -LEADER | |
|---|---|
| fixed length control field | 00330nam a22001217a 4500 |
| 005 - DATE AND TIME OF LATEST TRANSACTION | |
| control field | 20251108172840.0 |
| 008 - FIXED-LENGTH DATA ELEMENTS--GENERAL INFORMATION | |
| fixed length control field | 250721s2001 xx 000 0 eng d |
| 100 1# - MAIN ENTRY--PERSONAL NAME | |
| Personal name | Carpenter, Donna O. |
| 245 10 - TITLE STATEMENT | |
| Title | Nursing I.V.Drug Handbook / |
| 264 1# - PRODUCTION, PUBLICATION, DISTRIBUTION, MANUFACTURE, AND COPYRIGHT NOTICE | |
| Place of production, publication, distribution, manufacture | Pennsylvania : |
| Name of producer, publisher, distributor, manufacturer | SpringHouse Corporarion, |
| Date of production, publication, distribution, manufacture, or copyright notice | 2001. |
| 942 ## - ADDED ENTRY ELEMENTS (KOHA) | |
| Source of classification or shelving scheme | Dewey Decimal Classification |
| Koha item type | مراجع |
| حالة السحب | حالة الفقدان | مصدر التصنيف | حالة التلف | غير قابل للإعارة | المكتبة الرئيسية | المكتبة الحالية | موقع الرف | تاريخ التزويد | الرقم المتسلسل | Total Checkouts | الباركود | تاريخ آخر ظهور | تاريخ الفاتورة | نوع المادة (كوها) |
|---|---|---|---|---|---|---|---|---|---|---|---|---|---|---|
| Dewey Decimal Classification | Not For Loan | المكتبة المركزية | المكتبة المركزية | مراجع | 28/07/2025 | 795255 | PLD00006476 | 28/07/2025 | 28/07/2025 | مراجع |